|
|
|
|
| LEADER |
00666nta a2200181 i 4500 |
| 001 |
dipl109541 |
| 005 |
20210324101219.0 |
| 008 |
210318s2020 hu om 0|| zxx d |
| 040 |
|
|
|a SZTE Diploma Repozitórium
|b hun
|
| 041 |
|
|
|a zxx
|
| 100 |
1 |
|
|a Varró Balázs Marcell
|
| 245 |
1 |
0 |
|a Avar kori férfi fülbevalók
|h [elektronikus dokumentum] /
|c Balázs Marcell Varró
|
| 246 |
1 |
0 |
|a Men's earrings from the Avar Period
|h [elektronikus dokumentum]
|
| 260 |
|
|
|c 2020
|
| 650 |
|
4 |
|a Bölcsészettudományok
|
| 650 |
|
4 |
|a Archaeology
|
| 700 |
2 |
|
|a Pintér Nagy Katalin
|e ths
|
| 856 |
4 |
0 |
|u http://diploma.bibl.u-szeged.hu/id/eprint/109541/1/2020_varro_balazs_marcell.pdf
|z Dokumentum-elérés
|